=LDR 00000nam 2200000 4500 =001 INLIS000000000003823 =005 20130612092127 =008 ***********************************Ind** =035 ##$$0010-061300000003823 =041 ##$$a Ind =082 ##$$a 500 =090 ##$$a 500, Set c =100 ##$$a Setiawan, Sandi] =245 ##$$a Chaos gelora sains baru, Sandi Setiawan =260 ##$$a 1991 $b Yogyakarta =300 ##$$a vii, 83 hlm., ilus., 21 cm =650 ##$$a Sains =850 ##$$a NBPNMAT